000
00324nam a22001457a 4500
008
210310b ||||| |||| 00| 0 eng d
020
_a
4000395572379
041
_a
eng
080
_2
8th
_a
541
082
_a
541
100
_a
12
101
_a
KIM
245
_a
Organic Chemistry a Short Course
_c
Hart, H
942
_2
udc
_c
BK
999
_c
56279
_d
56279